logo

Bir Sreshtho Munshi Abdur Rouf Library
Jhenaidah Cadet College

উচ্চ মাধ্যমিক জীববিজ্ঞান (প্রথম পত্র : উদ্ভিদবিজ্ঞান) / (Record no. 9536)

MARC details
000 -LEADER
fixed length control field 00989nam a2200253 a 4500
001 - CONTROL NUMBER
JCCL Control Number 9536
003 - CONTROL NUMBER IDENTIFIER
JCCL marc code BD-JhCC
005 - DATE AND TIME OF LATEST TRANSACTION
control field 20180318130813.0
008 - FIXED-LENGTH DATA ELEMENTS--GENERAL INFORMATION
fixed length control field 180318s1998 bg a|||| ||a| 000 0 ben d
035 ## - SYSTEM CONTROL NUMBER
system control number (BD-JhCC)9536
040 ## - CATALOGING SOURCE
Original cataloging agency BD-JhCC
Modifying agency BD-JhCC
041 ## - LANGUAGE CODE
Language code of Book ben
082 ## - DEWEY DECIMAL CLASSIFICATION NUMBER
Classification number 581
Author mark and Year HOS 1998
100 ## - MAIN ENTRY--PERSONAL NAME
Personal name হোসেন, এ. বি. এম. এনায়েত
245 ## - TITLE STATEMENT
Title উচ্চ মাধ্যমিক জীববিজ্ঞান (প্রথম পত্র : উদ্ভিদবিজ্ঞান) /
Statement of responsibility, etc এ. বি. এম. এনায়েত হোসেন, গাজী এস. এম. আজমল এবং সফিউর রহমান
260 ## - PUBLICATION, DISTRIBUTION, ETC. (IMPRINT)
Place of publication, distribution, etc ঢাকা :
Name of publisher, distributor, etc গাজী পাবলিশার্স,
Date of publication, distribution, etc 1998
300 ## - PHYSICAL DESCRIPTION
Pagination 464 p. :
Dimensions 25 cm.
650 ## - SUBJECT ADDED ENTRY--TOPICAL TERM
Topical term or geographic name as entry element Plants
650 ## - SUBJECT ADDED ENTRY--TOPICAL TERM
Topical term or geographic name as entry element Biology
700 ## - ADDED ENTRY--PERSONAL NAME
Personal name আজমল, গাজী এস. এম.
700 ## - ADDED ENTRY--PERSONAL NAME
Personal name রহমান, সফিউর
942 ## - ADDED ENTRY ELEMENTS (KOHA)
Source of classification or shelving scheme Dewey Decimal Classification
Koha item type Books
Holdings
Source of classification or shelving scheme Damaged status Not for loan Home library Current library Shelving location Date of accession Cost, normal purchase price Total Checkouts Full call number Barcode Date last seen Copy number Koha item type
Dewey Decimal Classification     JCC Rouf Library JCC Rouf Library General Stacks 03/18/2018 110.00   581 HOS 1998 11988 03/18/2018 C - 1 Books
Dewey Decimal Classification     JCC Rouf Library JCC Rouf Library General Stacks 03/25/2018 86.00   581 HOS 1998 9132 03/25/2018 C-2 Books

JCC Library | Contacts | JCC Home

Last Update on 23 September 2017
Copyright @ 2017-2020 JCC Rouf Library
Rouf Library, Jhenidah Cadet College (JCC), Bangladesh